[Event "IPCA Wch 20th"]
[Site "Torrevieja"]
[Date "2021.10.26"]
[Round "9"]
[White "Glazar, Domagoj"]
[Black "Gurbanov, Andrei"]
[Result "0-1"]
[WhiteElo "2142"]
[BlackElo "2252"]
[PlyCount "58"]
[EventDate "2021.10.18"]
[EventType "swiss"]
[EventRounds "9"]
[EventCountry "ESP"]
[SourceTitle "EXT 2023"]
[Source "ChessBase"]
[SourceDate "2022.10.05"]
[SourceVersion "1"]
[SourceVersionDate "2022.10.05"]
[SourceQuality "1"]

1. e4 e5 2. Nf3 Nc6 3. Bc4 Bc5 4. b4 Bxb4 5. c3 Bc5 6. d4 d6 7. Qb3 Qd7 8. 0-0 Bb6 9. Bb5 a6 10. Ba4 Ba7 11. Qd1 b5 12. Bb3 Nf6 13. Re1 h6 14. Ba3 Na5 15. dxe5 Nxb3 16. Qxb3 Ng4 17. Re2 Nxe5 18. Nbd2 Nxf3+ 19. Nxf3 0-0 20. Rd1 Bb7 21. c4 Rfe8 22. c5 Rxe4 23. Rxe4 Bxe4 24. cxd6 cxd6 25. Rxd6 Qf5 26. Nd4 Qg5 27. f3 Qd2 28. Qb4 Qe3+ 29. Kh1 Bc5 0-1

[Event "IPCA Wch 20th"]
[Site "Torrevieja"]
[Date "2021.10.21"]
[Round "4"]
[White "Glazar, Domagoj"]
[Black "Moya Albaladejo, Jose Antonio"]
[Result "0-1"]
[WhiteElo "2142"]
[BlackElo "1923"]
[PlyCount "74"]
[EventDate "2021.10.18"]
[EventType "swiss"]
[EventRounds "9"]
[EventCountry "ESP"]
[SourceTitle "EXT 2023"]
[Source "ChessBase"]
[SourceDate "2022.10.05"]
[SourceVersion "1"]
[SourceVersionDate "2022.10.05"]
[SourceQuality "1"]

1. e4 c5 2. Nc3 Nc6 3. Nge2 e6 4. d4 cxd4 5. Nxd4 Nf6 6. Nxc6 bxc6 7. e5 Nd5 8. Ne4 Qc7 9. f4 Qb6 10. Qe2 a5 11. a3 Ba6 12. c4 Qd4 13. Qd3 Qxd3 14. Bxd3 Nb6 15. b3 a4 16. Be3 Nd5 17. cxd5 Bxd3 18. Nf2 Bb5 19. dxe6 axb3 20. exd7+ Kxd7 21. Bc1 Bb4+ 22. Bd2 Bxa3 23. Bc3 Ke6 24. g4 g6 25. Ne4 b2 26. Rb1 Bd3 27. Ng5+ Kd5 28. Kd2 Bxb1 29. Rxb1 h6 30. Nxf7 Rhf8 31. Nxh6 Rxf4 32. Ke3 Re4+ 33. Kd3 Rf8 34. Rd1 Rf3+ 35. Kc2+ Kc4 36. Be1 Re2+ 37. Kb1 Rf1 0-1

[Event "IPCA Wch 20th"]
[Site "Torrevieja"]
[Date "2021.10.18"]
[Round "1"]
[White "Aleksandrova, Aleksandra"]
[Black "Glazar, Domagoj"]
[Result "0-1"]
[WhiteElo "1728"]
[BlackElo "2142"]
[PlyCount "96"]
[EventDate "2021.10.18"]
[EventType "swiss"]
[EventRounds "9"]
[EventCountry "ESP"]
[SourceTitle "EXT 2023"]
[Source "ChessBase"]
[SourceDate "2022.10.05"]
[SourceVersion "1"]
[SourceVersionDate "2022.10.05"]
[SourceQuality "1"]

1. d4 Nf6 2. e3 d5 3. Nd2 Bf5 4. Be2 e6 5. g4 Bg6 6. h4 h5 7. g5 Nfd7 8. f4 c5 9. c3 Qc7 10. Nh3 Bd6 11. Nf1 Be4 12. Rg1 g6 13. Ng3 Bf5 14. Nxf5 exf5 15. Bf3 Nb6 16. Qe2 Nc6 17. a4 cxd4 18. exd4+ Kf8 19. Qg2 Re8+ 20. Kf2 Kg7 21. a5 Nc4 22. Bxd5 N6xa5 23. b4 Nb3 24. Rxa7 Ra8 25. Rxa8 Rxa8 26. Qf3 Ra2+ 27. Kg3 Rc2 28. Qd3 Na3 29. c4 Nxc1 30. Rxc1 Rxc1 31. Qxa3 Rd1 32. c5 Rxd4 33. cxd6 Qxd6 34. Bf3 Qxb4 35. Qa1 b5 36. Ng1 Kh7 37. Ne2 Rd3 38. Qf6 Qc4 39. Kf2 Qe6 40. Qxe6 fxe6 41. Nc1 Rc3 42. Ne2 Rc2 43. Ke3 b4 44. Kd3 b3 45. Nd4 Rf2 46. Be2 b2 47. Kc2 Rxf4 48. Nxe6 Re4 0-1

[Event "Online Olym Disabilities"]
[Site "Tornelo INT"]
[Date "2020.11.22"]
[Round "2.13"]
[White "Lopes, Marcia Maria Dias"]
[Black "Glazar, Domagoj"]
[Result "0-1"]
[WhiteElo "1363"]
[BlackElo "2137"]
[PlyCount "62"]
[EventDate "2020.11.21"]
[EventType "team-swiss (rapid)"]
[EventRounds "7"]
[EventCountry "NET"]
[SourceTitle "CBM 199 Extra"]
[Source "ChessBase"]
[SourceDate "2021.01.31"]
[SourceVersion "1"]
[SourceVersionDate "2021.01.31"]
[SourceQuality "1"]
[WhiteTeam "Brazil"]
[BlackTeam "Croatia"]
[WhiteTeamCountry "BRA"]
[BlackTeamCountry "CRO"]

1. d4 Nf6 2. Nf3 e6 3. Bf4 d5 4. e3 c5 5. c3 Nc6 6. Bd3 Bd6 7. Bg3 0-0 8. Nbd2 Qe7 9. 0-0 e5 10. dxe5 Nxe5 11. Bxe5 Bxe5 12. Nxe5 Qxe5 13. Nf3 Qh5 14. h3 Be6 15. Nh2 Qe5 16. Qf3 Rab8 17. Ng4 Bxg4 18. hxg4 Qg5 19. Qf5 Qxg4 20. Qxg4 Nxg4 21. Bf5 Nf6 22. Rad1 b5 23. a3 g6 24. Bc2 b4 25. Rb1 a5 26. axb4 axb4 27. Ba4 Ne4 28. Rfd1 bxc3 29. Rxd5 cxb2 30. Rd3 c4 31. Rd4 Nc3 0-1

[Event "Zagreb Damjanovic Memorial 3rd"]
[Site "Zagreb"]
[Date "2019.11.13"]
[Round "5"]
[White "Glazar, Domagoj"]
[Black "Bender, Zdenko"]
[Result "1-0"]
[WhiteElo "2114"]
[BlackElo "2002"]
[PlyCount "93"]
[EventDate "2019.11.09"]
[EventType "swiss"]
[EventRounds "9"]
[EventCountry "CRO"]
[SourceTitle "CBM 193 Extra"]
[Source "ChessBase"]
[SourceDate "2020.01.31"]
[SourceVersion "1"]
[SourceVersionDate "2020.01.31"]
[SourceQuality "1"]

1. c4 e6 2. d4 d5 3. Nc3 Be7 4. Nf3 Nf6 5. e3 0-0 6. Bd3 dxc4 7. Bxc4 a6 8. 0-0 b5 9. Bd3 Bb7 10. Qc2 Bxf3 11. gxf3 c5 12. dxc5 b4 13. Ne4 Nbd7 14. c6 Nxe4 15. Bxe4 Nc5 16. c7 Qxc7 17. Bxa8 Rxa8 18. e4 Qe5 19. f4 Qxe4 20. Qxe4 Nxe4 21. Be3 f5 22. Rac1 Bf6 23. Rc2 Kf7 24. Rd1 Bd8 25. Rd7+ Kg6 26. f3 Nf6 27. Rg2+ Kh6 28. Rd6 a5 29. Rgd2 Bc7 30. Rxe6 a4 31. Rc6 Bd8 32. Bb6 Be7 33. Bc5 Bxc5+ 34. Rxc5 g6 35. Rb5 b3 36. axb3 axb3 37. Rxb3 Ra4 38. Rbd3 Rxf4 39. Rd4 Rxf3 40. R2d3 Rxd3 41. Rxd3 Ne4 42. b4 Kg5 43. b5 h5 44. b6 h4 45. b7 Nc5 46. b8Q Nxd3 47. Qd8+ 1-0

[Event "Zagreb Damjanovic Memorial 3rd"]
[Site "Zagreb"]
[Date "2019.11.09"]
[Round "1"]
[White "Glazar, Domagoj"]
[Black "Kovac, Mihael"]
[Result "1-0"]
[WhiteElo "2114"]
[BlackElo "1756"]
[PlyCount "103"]
[EventDate "2019.11.09"]
[EventType "swiss"]
[EventRounds "9"]
[EventCountry "CRO"]
[SourceTitle "CBM 193 Extra"]
[Source "ChessBase"]
[SourceDate "2020.01.31"]
[SourceVersion "1"]
[SourceVersionDate "2020.01.31"]
[SourceQuality "1"]

1. c4 c5 2. Nc3 e6 3. e4 Nc6 4. Nge2 Nf6 5. d4 d5 6. cxd5 exd5 7. e5 cxd4 8. exf6 dxc3 9. Nxc3 Qxf6 10. Nxd5 Qe5+ 11. Qe2 Bd6 12. Qxe5+ Bxe5 13. Bd3 0-0 14. Nc3 Nb4 15. Bb1 Bxc3+ 16. bxc3 Re8+ 17. Kd1 Bg4+ 18. f3 Rad8+ 19. Bd2 Nd3 20. Bxd3 Rxd3 21. Re1 Red8 22. Re2 Be6 23. Ke1 Bc4 24. a4 R3d6 25. Rf2 Re6+ 26. Kd1 Ra6 27. Kc2 b5 28. a5 Rc8 29. Be3 Be6 30. Kb2 Rac6 31. Rc1 Ra6 32. Ra1 Rac6 33. Bxa7 Rxc3 34. Ra3 R3c6 35. Rd2 b4 36. Rad3 Kf8 37. Rd8+ Rxd8 38. Rxd8+ Ke7 39. Rd2 Rc3 40. Bd4 Rb3+ 41. Kc2 Kd6 42. Bb2+ Kc6 43. Re2 Bc4 44. Re4 Bd5 45. Re5 Bc4 46. a6 Rd3 47. a7 Rd8 48. Re7 g6 49. Be5 Bd5 50. Bb8 Kc5 51. Re5 b3+ 52. Kc3 1-0

[Event "IPCA Wch 19th"]
[Site "Ruzomberok"]
[Date "2019.07.05"]
[Round "8"]
[White "Glazar, Domagoj"]
[Black "Jurkiewicz, Krzysztof1111"]
[Result "0-1"]
[WhiteElo "2153"]
[BlackElo "2007"]
[PlyCount "88"]
[EventDate "2019.06.28"]
[EventType "swiss"]
[EventRounds "9"]
[EventCountry "SVK"]
[SourceTitle "CBM 191 Extra"]
[Source "ChessBase"]
[SourceDate "2019.09.30"]
[SourceVersion "1"]
[SourceVersionDate "2019.09.30"]
[SourceQuality "1"]

1. b3 d6 2. Bb2 e5 3. d4 exd4 4. Qxd4 Nc6 5. Qd2 Nf6 6. Nc3 Be7 7. e4 0-0 8. 0-0-0 a5 9. f3 Be6 10. Kb1 Nd7 11. Nge2 Nc5 12. Nd5 Bxd5 13. exd5 Ne5 14. Ng3 a4 15. b4 Ncd7 16. a3 Ng6 17. f4 Bf6 18. c3 Re8 19. Nh5 Qe7 20. Bb5 Qe4+ 21. Ka1 Re7 22. Nxf6+ Nxf6 23. Rhe1 Qxd5 24. Bd3 Rxe1 25. Qxe1 Qxg2 26. Rd2 Qf3 27. f5 Re8 28. Be2 Qxf5 29. Qg1 Nf4 30. Bd1 b5 31. c4 bxc4 32. Bxa4 Re2 33. Bc2 Qe6 34. Qd4 Re1+ 35. Bb1 Nd3 36. Bc3 Rh1 37. Qh4 Rg1 38. a4 d5 39. Bd4 Rg4 40. Bxf6 Rxh4 41. Bxh4 Qe5+ 42. Ka2 Nc1+ 43. Ka3 Qa1+ 44. Ba2 Qc3+ 0-1

[Event "IPCA Wch 19th"]
[Site "Ruzomberok"]
[Date "2019.07.01"]
[Round "4"]
[White "Belak, Stefan"]
[Black "Glazar, Domagoj"]
[Result "0-1"]
[WhiteElo "1851"]
[BlackElo "2153"]
[PlyCount "80"]
[EventDate "2019.06.28"]
[EventType "swiss"]
[EventRounds "9"]
[EventCountry "SVK"]
[SourceTitle "CBM 191 Extra"]
[Source "ChessBase"]
[SourceDate "2019.09.30"]
[SourceVersion "1"]
[SourceVersionDate "2019.09.30"]
[SourceQuality "1"]

1. d4 Nf6 2. Bf4 c5 3. e3 g6 4. Nd2 Bg7 5. c3 0-0 6. Be2 d6 7. Ngf3 b6 8. 0-0 Bb7 9. h3 Nbd7 10. Qb3 Rc8 11. Rad1 Qc7 12. Bh2 Qb8 13. Qa4 Bc6 14. Bb5 Qb7 15. Bxc6 Rxc6 16. Qb3 b5 17. d5 Rcc8 18. e4 a5 19. Rfe1 c4 20. Qc2 Nc5 21. Nd4 Nfd7 22. Nc6 Rfe8 23. a3 Nd3 24. Re3 Qb6 25. Rxd3 cxd3 26. Qxd3 Nb8 27. Nd4 b4 28. axb4 axb4 29. Nc4 Qc5 30. b3 bxc3 31. Bf4 Bxd4 32. Qxd4 Qxd4 33. Rxd4 Nd7 34. Na5 c2 35. Nc6 e5 36. dxe6 Rxc6 37. exd7 c1Q+ 38. Bxc1 Rxc1+ 39. Kh2 Rd8 40. Rxd6 Rc7 0-1

[Event "Olympiad-43"]
[Site "Batumi"]
[Date "2018.09.27"]
[Round "4.34"]
[White "Glazar, Domagoj"]
[Black "Georgiou, Andreas"]
[Result "1-0"]
[WhiteElo "2145"]
[BlackElo "1868"]
[PlyCount "75"]
[EventDate "2018.09.24"]
[EventType "team-swiss"]
[EventRounds "11"]
[EventCountry "GEO"]
[SourceTitle "CBM 187"]
[Source "ChessBase"]
[SourceDate "2018.12.11"]
[SourceVersion "1"]
[SourceVersionDate "2018.12.11"]
[SourceQuality "1"]
[WhiteTeam "IPCA"]
[BlackTeam "Cyprus"]
[BlackTeamCountry "CYP"]

1. d4 Nf6 2. c4 e6 3. Nc3 Bb4 4. Qc2 Nc6 5. Nf3 d6 6. Bd2 Qe7 7. a3 Bxc3 8. Bxc3 0-0 9. e4 e5 10. d5 Nb8 11. Be2 a5 12. b4 axb4 13. axb4 Rxa1+ 14. Bxa1 Na6 15. Bc3 c5 16. dxc6 bxc6 17. 0-0 Nc7 18. Rd1 Ne6 19. c5 dxc5 20. Nxe5 cxb4 21. Nxc6 Qc5 22. Nxb4 Nxe4 23. Qxe4 Qxc3 24. Nd5 Qa3 25. Bd3 f5 26. Qe3 Qb3 27. Ne7+ Kf7 28. Rb1 f4 29. Bg6+ Kxe7 30. Qxb3 hxg6 31. Qa3+ Kf6 32. Rb8 Rd8 33. Qc1 Nd4 34. Qxf4+ Bf5 35. Rb6+ Kf7 36. Kf1 g5 37. Rb7+ Kg6 38. Rxg7+ 1-0

[Event "IPCA Wch 17th"]
[Site "Ruzomberok"]
[Date "2017.06.05"]
[Round "9"]
[White "Valenta, Vit"]
[Black "Glazar, Domagoj"]
[Result "0-1"]
[WhiteElo "2081"]
[BlackElo "2136"]
[PlyCount "110"]
[EventDate "2017.05.28"]
[EventType "swiss"]
[EventRounds "9"]
[EventCountry "SVK"]
[SourceTitle "EXT 2018"]
[Source "ChessBase"]
[SourceDate "2017.10.13"]
[SourceVersion "1"]
[SourceVersionDate "2017.10.13"]
[SourceQuality "1"]

1. b4 e5 2. Bb2 Bxb4 3. Bxe5 Nf6 4. Nf3 d5 5. g3 0-0 6. Bg2 c5 7. Bb2 Nc6 8. 0-0 Ba5 9. d3 Bf5 10. Nbd2 Re8 11. e3 Bc7 12. Nh4 Be6 13. h3 Be5 14. Rb1 Rb8 15. Bxe5 Nxe5 16. d4 cxd4 17. exd4 Nc6 18. Nb3 Ne4 19. Rb2 Na5 20. Nxa5 Qxa5 21. c4 g5 22. Bxe4 dxe4 23. Rb5 Qd8 24. d5 Bd7 25. Ng2 Bxb5 26. cxb5 Qd7 27. Ne3 Qxh3 28. Qd4 Qd7 29. Qf6 Qe7 30. Ng4 Qxf6 31. Nxf6+ Kf8 32. Nxe8 Rxe8 33. Rc1 Ke7 34. Rc7+ Kd6 35. Rxb7 Re7 36. Rb8 Kxd5 37. b6 f5 38. a4 axb6 39. Rxb6 Kd4 40. a5 Re5 41. a6 Ra5 42. Rd6+ Ke5 43. Rh6 e3 44. Rxh7 Rxa6 45. Kf1 exf2 46. Kxf2 Ra2+ 47. Ke3 g4 48. Rb7 Rg2 49. Rb5+ Kf6 50. Rb6+ Kg5 51. Rb8 Rxg3+ 52. Kf2 Ra3 53. Rb2 f4 54. Kg2 Kh4 55. Rc2 f3+ 0-1

[Event "IPCA Wch 17th"]
[Site "Ruzomberok"]
[Date "2017.06.03"]
[Round "7"]
[White "Glazar, Domagoj"]
[Black "Venkata, Krishna Karthik K"]
[Result "0-1"]
[WhiteElo "2136"]
[BlackElo "2064"]
[PlyCount "56"]
[EventDate "2017.05.28"]
[EventType "swiss"]
[EventRounds "9"]
[EventCountry "SVK"]
[SourceTitle "EXT 2018"]
[Source "ChessBase"]
[SourceDate "2017.10.13"]
[SourceVersion "1"]
[SourceVersionDate "2017.10.13"]
[SourceQuality "1"]

1. d4 d5 2. c4 c6 3. Nc3 Nf6 4. Nf3 dxc4 5. a4 Bf5 6. Ne5 e6 7. Nxc4 Na6 8. f3 c5 9. e4 cxd4 10. Ne2 Nb4 11. Na3 Qa5 12. Kf2 Bc5 13. Nf4 e5 14. exf5 d3+ 15. Kg3 exf4+ 16. Kh3 0-0 17. Bxf4 Nfd5 18. Bd2 Ne3 19. Qb3 Qb6 20. Bxe3 Bxe3 21. g4 Qh6+ 22. Kg2 Qh4 23. Qxb4 Qf2+ 24. Kh3 Qxf3+ 25. Kh4 Bf2+ 26. Kh5 g6+ 27. Kg5 f6+ 28. Kh6 Be3+ 0-1

[Event "IPCA Wch 17th"]
[Site "Ruzomberok"]
[Date "2017.06.02"]
[Round "6"]
[White "Glazar, Domagoj"]
[Black "Shashikant, Kutwal"]
[Result "0-1"]
[WhiteElo "2136"]
[BlackElo "2265"]
[PlyCount "66"]
[EventDate "2017.05.28"]
[EventType "swiss"]
[EventRounds "9"]
[EventCountry "SVK"]
[SourceTitle "EXT 2018"]
[Source "ChessBase"]
[SourceDate "2017.10.13"]
[SourceVersion "1"]
[SourceVersionDate "2017.10.13"]
[SourceQuality "1"]

1. d4 Nf6 2. c4 g6 3. Nc3 Bg7 4. e4 d6 5. Nge2 0-0 6. Ng3 c5 7. d5 e6 8. Be2 exd5 9. exd5 Ne8 10. h4 Nd7 11. Bg5 f6 12. Be3 f5 13. Qd2 Qf6 14. Bg5 Qd4 15. Qxd4 cxd4 16. Nb5 a6 17. Nxd6 Nxd6 18. Be7 Re8 19. Bxd6 d3 20. 0-0-0 dxe2 21. Rde1 Nf6 22. f3 Bd7 23. Kd2 Rac8 24. b3 b5 25. Kd3 bxc4+ 26. bxc4 Nxd5 27. Rxe2 Nb6 28. Rxe8+ Bxe8 29. c5 Bb5+ 30. Kc2 Na4 31. Rc1 Nxc5 32. Kd1 Rd8 33. Rxc5 Rxd6+ 0-1

[Event "IPCA Wch 17th"]
[Site "Ruzomberok"]
[Date "2017.06.01"]
[Round "5"]
[White "Mukha, Nikolay"]
[Black "Glazar, Domagoj"]
[Result "1/2-1/2"]
[WhiteElo "2162"]
[BlackElo "2136"]
[PlyCount "141"]
[EventDate "2017.05.28"]
[EventType "swiss"]
[EventRounds "9"]
[EventCountry "SVK"]
[SourceTitle "EXT 2018"]
[Source "ChessBase"]
[SourceDate "2017.10.13"]
[SourceVersion "1"]
[SourceVersionDate "2017.10.13"]
[SourceQuality "1"]

1. e4 Nf6 2. e5 Nd5 3. d4 d6 4. Nf3 dxe5 5. Nxe5 c6 6. Be2 g6 7. 0-0 Bg7 8. c4 Nb6 9. Be3 0-0 10. Qc1 N8d7 11. Rd1 Nxe5 12. dxe5 Qc7 13. f4 Be6 14. Nd2 Rfd8 15. Qc3 f6 16. exf6 Bxf6 17. Qb3 Bf5 18. Nf3 Rxd1+ 19. Rxd1 Rd8 20. Rxd8+ Qxd8 21. a4 Qc7 22. g3 Nd7 23. Nd4 Be4 24. c5+ Kh8 25. Qf7 Qc8 26. Bg4 Qf8 27. Qxf8+ Nxf8 28. a5 e6 29. b4 Bd5 30. a6 bxa6 31. Bf3 Bxf3 32. Nxf3 Kg8 33. Nd4 Bxd4 34. Bxd4 Nd7 35. Kf2 Kf7 36. Ke3 h5 37. Ke4 Ke7 38. h3 Kf7 39. Kd3 Ke7 40. Kc4 Kd8 41. Kd3 Kc7 42. g4 hxg4 43. hxg4 Kd8 44. Bf2 e5 45. f5 gxf5 46. gxf5 Ke7 47. Bh4+ Kf7 48. Ke4 Kg7 49. Bd8 Kf7 50. Bc7 Kf6 51. Bd6 a5 52. b5 cxb5 53. c6 Nb6 54. Bxe5+ Ke7 55. Kd4 Nc8 56. Kc5 a6 57. Bc3 a4 58. Kb4 Nb6 59. Be5 Kd8 60. Kc5 Nc8 61. f6 Ke8 62. Bc3 a3 63. Kb4 a2 64. Ka5 Nd6 65. Kxa6 b4 66. Ba1 b3 67. c7 Kd7 68. Kb6 Kc8 69. Kc6 Nf7 70. Bb2 Ng5 71. Bc3 1/2-1/2

[Event "Zagreb Damjanovic Memorial 1st"]
[Site "Zagreb"]
[Date "2016.11.15"]
[Round "7"]
[White "Glazar, Domagoj"]
[Black "Mihalinec, Damir"]
[Result "1-0"]
[WhiteElo "2068"]
[BlackElo "2234"]
[PlyCount "107"]
[EventDate "2016.11.10"]
[EventType "swiss"]
[EventRounds "9"]
[EventCountry "CRO"]
[SourceTitle "CBM 175 Extra"]
[Source "ChessBase"]
[SourceDate "2016.12.12"]
[SourceVersion "1"]
[SourceVersionDate "2016.12.12"]
[SourceQuality "1"]

1. d4 Nf6 2. Nf3 g6 3. Bf4 Bg7 4. e3 d6 5. Be2 Nh5 6. Bg5 c5 7. c3 Nd7 8. 0-0 0-0 9. Nbd2 Qe8 10. e4 cxd4 11. cxd4 h6 12. Be3 f5 13. exf5 gxf5 14. Nh4 Ndf6 15. Qb3+ Kh8 16. Bb5 Qf7 17. Qxf7 Rxf7 18. f3 Nd5 19. Bf2 Nhf4 20. Bc4 e6 21. Rfe1 Bf6 22. Bxd5 Nxd5 23. Nc4 Rg7 24. Kh1 Bd7 25. g3 Nb4 26. Re2 Bb5 27. Rxe6 Bxh4 28. Nxd6 Bc6 29. Nxf5 Bxf3+ 30. Kg1 Bg5 31. Nxg7 Kxg7 32. h4 Bf6 33. Be3 Bc6 34. Bxh6+ Kf7 35. Re2 Rg8 36. Kh2 Rg4 37. Rf2 Kg6 38. Rf4 Rxf4 39. Bxf4 Nc2 40. Rd1 Nxd4 41. Kh3 Kf5 42. Bb8 a6 43. g4+ Ke4 44. Re1+ Kd3 45. g5 Bd7+ 46. Kg3 Bg7 47. Be5 Bxe5+ 48. Rxe5 Bf5 49. h5 Be4 50. g6 Nc6 51. Re8 Nd4 52. Kf4 Bd5 53. h6 Ne6+ 54. Rxe6 1-0

[Event "IPCA Wch 15th"]
[Site "Bratislava"]
[Date "2015.06.22"]
[Round "5"]
[White "Tsapalin, Sergey"]
[Black "Glazar, Domagoj"]
[Result "1-0"]
[WhiteElo "2023"]
[BlackElo "2140"]
[PlyCount "111"]
[EventDate "2015.06.19"]
[EventType "swiss"]
[EventRounds "9"]
[EventCountry "SVK"]
[SourceTitle "CBM 167 Extra"]
[Source "ChessBase"]
[SourceDate "2015.09.14"]
[SourceVersion "1"]
[SourceVersionDate "2015.09.14"]
[SourceQuality "1"]

1. d4 Nf6 2. c4 c5 3. d5 e6 4. Nc3 exd5 5. cxd5 d6 6. e4 g6 7. Bb5+ Nbd7 8. a4 a6 9. Bd3 Bg7 10. Nf3 0-0 11. 0-0 Qc7 12. Bf4 Ng4 13. Nd2 Nde5 14. Nc4 Nxc4 15. Bxc4 Ne5 16. Be2 f5 17. Qd2 fxe4 18. Nxe4 Bf5 19. Ng5 Qd7 20. a5 Rae8 21. Rac1 h6 22. Nf3 g5 23. Nxe5 Bxe5 24. Bxe5 Rxe5 25. Bc4 Bh7 26. Rc3 Qa4 27. h4 Qxa5 28. hxg5 Rxg5 29. f4 Rg7 30. f5 Qd8 31. Qxh6 Qf6 32. Qxf6 Rxf6 33. Rcf3 Rg4 34. Bd3 c4 35. Bb1 Rd4 36. Rf4 Rxf4 37. Rxf4 Kg7 38. g4 Kh6 39. Rxc4 Bg8 40. Be4 Rf7 41. Kf2 Re7 42. Kf3 Kg5 43. Rc8 Bf7 44. Rd8 Rc7 45. Rxd6 Rc1 46. Rb6 Rf1+ 47. Ke3 Re1+ 48. Kd3 Kf4 49. Rxb7 Re3+ 50. Kd2 Rxe4 51. Rxf7 Kxg4 52. Kd3 Kf4 53. d6 Rb4 54. d7 Rb3+ 55. Kc4 Rb8 56. Kc5 1-0

[Event "IPCA Wch 12th"]
[Site "Split"]
[Date "2012.06.25"]
[Round "9"]
[White "Glazar, Domagoj"]
[Black "Yarmonov, Igor"]
[Result "1/2-1/2"]
[WhiteElo "2094"]
[BlackElo "2324"]
[PlyCount "34"]
[EventDate "2012.06.18"]
[EventType "swiss"]
[EventRounds "9"]
[EventCountry "CRO"]
[SourceTitle "CBM 149 Extra"]
[Source "ChessBase"]
[SourceDate "2012.08.24"]
[SourceVersion "1"]
[SourceVersionDate "2012.08.24"]
[SourceQuality "1"]

1. d4 c6 2. c4 d5 3. cxd5 cxd5 4. Nf3 Nc6 5. Nc3 Nf6 6. Bg5 Ne4 7. Bh4 Qb6 8. e3 Bf5 9. Nd2 Qxb2 10. Ncxe4 Bxe4 11. Nxe4 dxe4 12. Rb1 Qxa2 13. Rxb7 Qa5+ 14. Qd2 Qa1+ 15. Qd1 Qa5+ 16. Qd2 Qa1+ 17. Qd1 Qa5+ 1/2-1/2

[Event "IPCA Wch 12th"]
[Site "Split"]
[Date "2012.06.19"]
[Round "3"]
[White "Glazar, Domagoj"]
[Black "Zavarsky, Juraj"]
[Result "1-0"]
[WhiteElo "2094"]
[BlackElo "2016"]
[PlyCount "67"]
[EventDate "2012.06.18"]
[EventType "swiss"]
[EventRounds "9"]
[EventCountry "CRO"]
[SourceTitle "CBM 149 Extra"]
[Source "ChessBase"]
[SourceDate "2012.08.24"]
[SourceVersion "1"]
[SourceVersionDate "2012.08.24"]
[SourceQuality "1"]

1. d4 Nf6 2. c4 g6 3. Nc3 d5 4. Nf3 Bg7 5. Qa4+ c6 6. cxd5 Nxd5 7. e4 Nb6 8. Qd1 Bg4 9. Be3 Bxf3 10. gxf3 0-0 11. Qd2 e5 12. dxe5 Qxd2+ 13. Kxd2 Bxe5 14. f4 Bg7 15. a4 Na6 16. a5 Rad8+ 17. Kc2 Nc8 18. Bxa6 bxa6 19. Rhd1 Nd6 20. Bc5 Bxc3 21. Bxd6 Rfe8 22. e5 Rxd6 23. Rxd6 Bb4 24. Rxc6 g5 25. Rg1 Rd8 26. Rxg5+ Kf8 27. Rxa6 Rd2+ 28. Kb3 Bc5 29. Rc6 Bxf2 30. Rc2 Rd3+ 31. Rc3 Rd4 32. f5 Rd5 33. f6 Ke8 34. Rc7 1-0

[Event "CRO-chT4 Center-A"]
[Site "Zagreb"]
[Date "2011.03.13"]
[Round "1.54"]
[White "Jagunic, Vladimir"]
[Black "Glazar, Domagoj"]
[Result "0-1"]
[WhiteElo "1847"]
[BlackElo "2057"]
[PlyCount "92"]
[EventDate "2011.03.13"]
[EventType "team-tourn"]
[EventRounds "7"]
[EventCountry "CRO"]
[SourceTitle "EXT 2014"]
[Source "ChessBase"]
[SourceDate "2013.11.20"]
[SourceVersion "1"]
[SourceVersionDate "2013.11.20"]
[SourceQuality "1"]

1. e4 c5 2. Nf3 e6 3. d4 cxd4 4. Nxd4 Nf6 5. Nc3 d6 6. Be3 Be7 7. Be2 0-0 8. Qd2 a6 9. 0-0-0 b5 10. f3 b4 11. Nb1 d5 12. e5 Nfd7 13. f4 Qc7 14. g4 Nc6 15. h4 Nc5 16. Bf3 Nxd4 17. Bxd4 b3 18. a3 bxc2 19. Bxc5 cxd1Q+ 20. Kxd1 Qxc5 21. Nc3 Bd7 22. g5 Rac8 23. h5 d4 24. Ne4 Ba4+ 25. Ke1 Qc1+ 26. Kf2 Qxd2+ 27. Nxd2 Rc2 28. Ke1 Rc1+ 29. Kf2 Rxh1 30. Bxh1 Rb8 31. b4 Rc8 32. Be4 Bc2 33. Bb7 Rc3 34. Bxa6 Rxa3 35. b5 Bc5 36. Bb7 d3+ 37. Kf3 Kf8 38. Be4 g6 39. hxg6 hxg6 40. Bc6 Bb4 41. Ke3 Bxd2+ 42. Kxd2 Ba4 43. Ke3 Rb3 44. Kd2 Bxb5 45. Bxb5 Rxb5 46. Kxd3 Ke7 0-1